Statistics for Manchester United - Tottenham Hotspur 2015-2016

Click here to take the quiz!

General Stats

  • This quiz has been taken 438 times
  • The average score is 18 of 30

Answer Stats

Answer% Correct
Harry Kane
93%
Wayne Rooney
88%
Chris Smalling
78%
Kyle Walker
77%
Christian Eriksen
76%
Dele Alli
76%
Jan Vertonghen
76%
Sergio Romero
70%
Toby Alderweireld
70%
Luke Shaw
68%
Louis van Gaal
66%
Juan Mata
65%
Eric Dier
64%
Erik Lamela
64%
Mauricio Pochettino
64%
Michael Carrick
63%
Moussa Dembélé
63%
Michel Vorm
61%
Ben Davies
59%
Ashley Young
58%
Daley Blind
58%
Antonio Valencia
57%
Matteo Darmian
51%
Memphis Depay
48%
Ander Herrera
46%
Nacer Chadli
43%
Morgan Schneiderlin
40%
Bastian Schweinsteiger
39%
Ryan Mason
31%
Nabil Bentaleb
25%

Score Distribution

Percentile by Number Answered

Percent of People with Each Score

Your Score History

You have not taken this quiz